[Event "Quebec op"]
[Site "Chess.com"]
[Date "2020.07.25"]
[Round "1.2"]
[White "Ouellet, Maili-Jade"]
[Black "Servant, Michel"]
[Result "1-0"]
[WhiteElo "2341"]
[BlackElo "1440"]
[PlyCount "107"]
[EventDate "2020.07.25"]
[EventType "swiss"]
[EventRounds "7"]
[EventCountry "CAN"]

1. d4 d5 2. c4 c6 3. Nf3 Bf5 4. Nc3 e6 5. Bf4 Nf6 6. e3 Nbd7 7. h3 Bb4 8. Nd2
O-O 9. Be2 Re8 10. Qb3 Bxc3 11. Qxc3 Ne4 12. Nxe4 Bxe4 13. O-O Nf6 14. c5 h6
15. b4 Bh7 16. f3 Nh5 17. Bd6 Qh4 18. Kh2 e5 19. Bxe5 Rxe5 20. dxe5 Qg3+ 21.
Kh1 Bf5 22. Rfd1 Re8 23. Bf1 Rxe5 24. Qe1 Qxe1 25. Rxe1 Ng3+ 26. Kg1 Bg6 27. a4
a6 28. Kf2 Nxf1 29. Rxf1 Bd3 30. Rfd1 Bc4 31. Rd4 f5 32. Re1 Kf7 33. e4 fxe4
34. fxe4 Bb3 35. exd5 Rxe1 36. Kxe1 Bxd5 37. g3 Kf6 38. b5 Ke5 39. bxa6 bxa6
40. Rb4 a5 41. Rb7 g6 42. Ra7 Kd4 43. Rxa5 Kc4 44. Kd2 Kb4 45. Ra7 Kxc5 46. Kc3
h5 47. Ra5+ Kb6 48. Rxd5 cxd5 49. Kd4 Kc6 50. a5 g5 51. a6 h4 52. g4 Kb6 53.
Kxd5 Kxa6 54. Ke5 1-0

[Event "Quebec op"]
[Site "Chess.com"]
[Date "2020.07.25"]
[Round "1.3"]
[White "Dufresne, Christophe"]
[Black "Huang, Qiuyu"]
[Result "0-1"]
[WhiteElo "1586"]
[BlackElo "2203"]
[PlyCount "126"]
[EventDate "2020.07.25"]
[EventType "swiss"]
[EventRounds "7"]
[EventCountry "CAN"]

1. e4 c5 2. Nf3 Nc6 3. d4 cxd4 4. Nxd4 g6 5. Nc3 Bg7 6. Be3 Nf6 7. f3 O-O 8.
Bc4 Qb6 9. Nce2 Qb4+ 10. Qd2 Qxc4 11. g4 Nxd4 12. Bxd4 b6 13. g5 Nh5 14. Bxg7
Nxg7 15. h4 Ba6 16. b3 Qxe2+ 17. Qxe2 Bxe2 18. Kxe2 Rfc8 19. c4 Ne6 20. Ke3 a6
21. Rhc1 Rc6 22. Rd1 d6 23. Rd3 b5 24. cxb5 axb5 25. a4 bxa4 26. bxa4 Rca6 27.
Rda3 Nc5 28. Kf2 Rxa4 29. Rxa4 Rxa4 30. Rb1 h6 31. Rb8+ Kg7 32. Re8 e6 33. Rd8
Rd4 34. Rc8 Rc4 35. Rd8 Rd4 36. Rc8 hxg5 37. hxg5 Nd7 38. Ke3 e5 39. Rc7 Nc5
40. Rc8 Ne6 41. Ra8 Nxg5 42. Rd8 Ne6 43. Rd7 Nc5 44. Rc7 g5 45. Ra7 g4 46. fxg4
Rxe4+ 47. Kf3 Rf4+ 48. Kg3 Ne4+ 49. Kh4 Nf6 50. Ra6 Rxg4+ 51. Kh3 d5 52. Rxf6
Kxf6 53. Kxg4 d4 54. Kf3 Kf5 55. Ke2 Ke4 56. Ke1 Ke3 57. Kd1 d3 58. Ke1 d2+ 59.
Kf1 d1=Q+ 60. Kg2 Qg4+ 61. Kf1 Kf3 62. Ke1 Qd4 63. Kf1 Qd1# 0-1

[Event "Quebec op"]
[Site "Chess.com"]
[Date "2020.07.25"]
[Round "1.4"]
[White "Allard, Laurent"]
[Black "He, Zekai"]
[Result "1-0"]
[WhiteElo "2165"]
[BlackElo "1575"]
[PlyCount "67"]
[EventDate "2020.07.25"]
[EventType "swiss"]
[EventRounds "7"]
[EventCountry "CAN"]

1. e4 c5 2. Nf3 Nc6 3. Bb5 e6 4. Bxc6 bxc6 5. Qe2 Nf6 6. e5 Nd5 7. d3 Be7 8. c4
Nb6 9. Be3 O-O 10. O-O f6 11. Nc3 fxe5 12. Nxe5 Qc7 13. f4 d5 14. Bd2 Nd7 15.
Nxd7 Bxd7 16. Rae1 Bd6 17. g3 Rae8 18. Qg2 Qc8 19. cxd5 cxd5 20. f5 d4 21. Ne4
Bb8 22. f6 e5 23. Qf3 Bg4 24. f7+ Kh8 25. fxe8=Q Rxe8 26. Qf7 Be6 27. Qh5 Bxa2
28. Ng5 h6 29. Nf7+ Bxf7 30. Rxf7 Qe6 31. Ref1 Bd6 32. R1f6 Qd5 33. Rxh6+ gxh6
34. Qxh6+ 1-0

[Event "Quebec op"]
[Site "Chess.com"]
[Date "2020.07.25"]
[Round "1.5"]
[White "Bilodeau-Savaria, Sandy-Rose"]
[Black "Bolduc, Steve"]
[Result "0-1"]
[WhiteElo "1501"]
[BlackElo "2091"]
[PlyCount "78"]
[EventDate "2020.07.25"]
[EventType "swiss"]
[EventRounds "7"]
[EventCountry "CAN"]

1. d4 Nf6 2. c4 c5 3. d5 b5 4. cxb5 a6 5. bxa6 g6 6. Nf3 Bg7 7. Nc3 O-O 8. e4
d6 9. h3 Nbd7 10. Be2 Bxa6 11. O-O Qa5 12. Bxa6 Qxa6 13. Qc2 Rfb8 14. Bd2 Nb6
15. b3 c4 16. Rab1 Nfd7 17. Rb2 Nc5 18. bxc4 Nxc4 19. Rxb8+ Rxb8 20. Rb1 Ra8
21. Ra1 Nxd2 22. Qxd2 Nxe4 23. Nxe4 Bxa1 24. Nc3 Bxc3 25. Qxc3 Qxa2 26. Qd4
Qa1+ 27. Kh2 Qxd4 28. Nxd4 Kf8 29. Nc6 Ra2 30. f3 Rd2 31. Nb4 Rd4 32. Nc2 Rxd5
33. Ne3 Ra5 34. g4 f5 35. Kg3 Kg7 36. Nc2 e5 37. Nb4 Kf6 38. Nc6 Ra3 39. Nb4 e4
0-1

[Event "Quebec op"]
[Site "Chess.com"]
[Date "2020.07.25"]
[Round "1.6"]
[White "Adam, Rafael"]
[Black "Duval, Mathieu"]
[Result "1-0"]
[WhiteElo "2049"]
[BlackElo "1363"]
[PlyCount "83"]
[EventDate "2020.07.25"]
[EventType "swiss"]
[EventRounds "7"]
[EventCountry "CAN"]

1. d4 Nf6 2. Bg5 e6 3. e3 h6 4. Bh4 Be7 5. Bd3 O-O 6. Nd2 b6 7. Ngf3 Bb7 8. O-O
Nc6 9. c3 d6 10. Qe2 a5 11. a4 Nb8 12. e4 Nbd7 13. Rad1 c5 14. Rfe1 Bc6 15. Bc2
Qc7 16. Bb3 Rab8 17. e5 dxe5 18. dxe5 Nd5 19. Bxd5 Bxh4 20. Bxc6 Bxf2+ 21. Qxf2
Qxc6 22. b3 b5 23. axb5 Rxb5 24. Qg3 Rfb8 25. Ne4 Kh8 26. Nfd2 Qc7 27. Nd6 R5b6
28. Nxf7+ Kh7 29. Nc4 Rxb3 30. Qd3+ Kg8 31. Qxd7 Qxd7 32. Rxd7 a4 33. Nfd6 Rxc3
34. Ra7 Rb4 35. Ra1 Rc2 36. R7xa4 Rb3 37. R4a3 Rb4 38. h4 Re2 39. h5 Kf8 40.
Ra8+ Ke7 41. R1a7+ Rb7 42. Rxb7# 1-0

[Event "Quebec op"]
[Site "Chess.com"]
[Date "2020.07.25"]
[Round "1.7"]
[White "Fortin, Anne-Esmee"]
[Black "Turcotte, Jonathan"]
[Result "0-1"]
[WhiteElo "1339"]
[BlackElo "2033"]
[PlyCount "102"]
[EventDate "2020.07.25"]
[EventType "swiss"]
[EventRounds "7"]
[EventCountry "CAN"]

1. e4 c6 2. d4 d5 3. e5 Bf5 4. Bd3 Bxd3 5. Qxd3 e6 6. Nf3 c5 7. c3 Nc6 8. O-O
cxd4 9. cxd4 Nge7 10. Nc3 Nc8 11. a3 Be7 12. Be3 O-O 13. b4 Nb6 14. Nd2 Qd7 15.
f4 f6 16. h3 Rac8 17. Rac1 fxe5 18. fxe5 Rxf1+ 19. Kxf1 a5 20. b5 Na7 21. a4
Nxa4 22. Nb3 Nxc3 23. Rxc3 b6 24. Rxc8+ Qxc8 25. Nc1 a4 26. Na2 a3 27. Bc1 Qc4
28. Qxc4 dxc4 29. Nc3 Bb4 30. Na2 Ba5 31. Bxa3 Nxb5 32. Bb4 Nxd4 33. Bxa5 bxa5
34. Nc3 Kf7 35. Kf2 Nc6 36. Ke3 Kg6 37. Ke4 Kg5 38. g3 h5 39. Na4 Kg6 40. h4
Kf7 41. Kf4 g6 42. Ke4 Ne7 43. Nc3 Nd5 44. Kd4 Nxc3 45. Kxc3 g5 46. hxg5 Kg6
47. Kxc4 Kxg5 48. Kb5 Kg4 49. Kxa5 Kxg3 50. Kb5 Kf4 51. Kc5 Kxe5 0-1

[Event "Quebec op"]
[Site "Chess.com"]
[Date "2020.07.25"]
[Round "1.8"]
[White "Neacsu, Catalin"]
[Black "Imbeault, Marc"]
[Result "1-0"]
[WhiteElo "1947"]
[BlackElo "1190"]
[PlyCount "69"]
[EventDate "2020.07.25"]
[EventType "swiss"]
[EventRounds "7"]
[EventCountry "CAN"]

1. e4 c5 2. Nf3 e6 3. d4 cxd4 4. Nxd4 Nf6 5. Bd3 Be7 6. O-O Nc6 7. Nxc6 bxc6 8.
e5 Nd5 9. c4 Nb6 10. f4 Qc7 11. Nc3 a6 12. a3 d5 13. exd6 Qxd6 14. Be3 Nd7 15.
Ne4 Qc7 16. c5 Nf6 17. b4 Nd5 18. Qf3 O-O 19. Bd4 f5 20. Nd6 Bf6 21. Be5 Qe7
22. Rae1 Bd7 23. g3 a5 24. bxa5 Rxa5 25. Nc4 Ra4 26. Bd6 Bd4+ 27. Kg2 Qf6 28.
Qd1 Rxc4 29. Bxc4 Ra8 30. Rf3 Nc3 31. Qb3 Ne4 32. Rd3 Bc8 33. Qb6 Bd7 34. Qc7
Rd8 35. Rxd4 1-0

[Event "Quebec op"]
[Site "Chess.com"]
[Date "2020.07.25"]
[Round "1.9"]
[White "Neacsu, Theodore"]
[Black "Craciun, David"]
[Result "0-1"]
[WhiteElo "1161"]
[BlackElo "1930"]
[PlyCount "60"]
[EventDate "2020.07.25"]
[EventType "swiss"]
[EventRounds "7"]
[EventCountry "CAN"]

1. e4 e5 2. d4 Nc6 3. d5 Nce7 4. c4 d6 5. Nf3 g6 6. Bd3 Bg7 7. O-O f5 8. Nc3
Nf6 9. h3 O-O 10. Re1 a5 11. Bg5 h6 12. Bxf6 Rxf6 13. Qd2 f4 14. Nh2 g5 15. f3
h5 16. Qf2 Rg6 17. g4 fxg3 18. Qg2 gxh2+ 19. Qxh2 Qf8 20. Rf1 Rf6 21. Qg3 Kh8
22. Ne2 Bh6 23. Rf2 Ng6 24. Raf1 Nf4 25. Nxf4 gxf4 26. Kh2 fxg3+ 27. Kxg3 Bf4+
28. Kg2 Qg7+ 29. Kh1 Qg3 30. Rh2 Qxh2# 0-1

[Event "Quebec op"]
[Site "Chess.com"]
[Date "2020.07.25"]
[Round "1.10"]
[White "Leger, Manon"]
[Black "Zhao, Alex"]
[Result "1-0"]
[WhiteElo "1894"]
[BlackElo "1124"]
[PlyCount "131"]
[EventDate "2020.07.25"]
[EventType "swiss"]
[EventRounds "7"]
[EventCountry "CAN"]

1. e4 e5 2. Nf3 Nc6 3. Bb5 d6 4. d4 exd4 5. Nxd4 Bd7 6. O-O Nf6 7. Nc3 Be7 8.
Re1 O-O 9. h3 Ne5 10. Bf1 Ng6 11. Be3 Re8 12. f4 Bf8 13. Bd3 Bc6 14. Nxc6 bxc6
15. Qf3 Qb8 16. b3 a5 17. a4 c5 18. Bf2 Qb4 19. Nd5 Nxd5 20. exd5 Rxe1+ 21.
Rxe1 Qxf4 22. Bxg6 Qxf3 23. Bxh7+ Kxh7 24. gxf3 Kg6 25. c4 f6 26. Kg2 Kf7 27.
Re3 g6 28. f4 Bg7 29. Bh4 Bh6 30. Re6 Bg7 31. f5 g5 32. Be1 Bf8 33. Kf3 Be7 34.
Kg4 Ke8 35. h4 gxh4 36. Bxh4 Kf7 37. Be1 Rg8+ 38. Kf4 Ra8 39. Re3 Bf8 40. Rh3
Be7 41. Rh7+ Ke8 42. Rh8+ Bf8 43. Kg4 Kf7 44. Bd2 Ra7 45. Rh7+ Ke8 46. Kh5 Be7
47. Kg6 Kd7 48. Bc3 c6 49. Bxf6 Ke8 50. Rxe7+ Rxe7 51. Bxe7 Kxe7 52. Kg7 cxd5
53. f6+ Ke6 54. f7 dxc4 55. bxc4 d5 56. cxd5+ Kxd5 57. f8=Q c4 58. Qd8+ Kc5 59.
Qxa5+ Kd4 60. Qd2+ Kc5 61. a5 Kb5 62. Kf6 Ka6 63. Qb4 Ka7 64. Ke6 Ka6 65. Kd6
c3 66. Qb6# 1-0

[Event "Quebec op"]
[Site "Chess.com"]
[Date "2020.07.25"]
[Round "1.11"]
[White "Chanot, Frederic"]
[Black "Kozlov, Guennadi"]
[Result "0-1"]
[WhiteElo "1079"]
[BlackElo "1886"]
[PlyCount "116"]
[EventDate "2020.07.25"]
[EventType "swiss"]
[EventRounds "7"]
[EventCountry "CAN"]

1. e4 e6 2. Nf3 d5 3. exd5 exd5 4. d4 Bd6 5. Nc3 c6 6. Bd2 Bg4 7. h3 Bh5 8. g4
Bg6 9. Qe2+ Qe7 10. O-O-O Qxe2 11. Bxe2 Nd7 12. Rhe1 O-O-O 13. h4 h6 14. h5 Bh7
15. Ng1 Ngf6 16. f4 Ne4 17. Nxe4 Bxe4 18. Bf3 Rde8 19. Bxe4 dxe4 20. Be3 Nf6
21. d5 cxd5 22. Bxa7 Bxf4+ 23. Kb1 Be5 24. Ne2 Nxg4 25. Rxd5 Nf6 26. Rc5+ Kd7
27. Rb5 Nxh5 28. Rxb7+ Kc6 29. Rxf7 Rhf8 30. Rxf8 Rxf8 31. a4 Ra8 32. Bd4 Bxd4
33. Nxd4+ Kd5 34. Nb5 Ke5 35. b3 Ng3 36. Nc3 h5 37. Rg1 h4 38. Rg2 Kf4 39. Rf2+
Kg4 40. Rh2 g5 41. Kc1 Kf3 42. Kd1 Rd8+ 43. Ke1 e3 44. a5 Rc8 45. Nd1 Nf5 46.
Rh3+ Ke4 47. c4 g4 48. Rh2 g3 49. Rh3 Kf3 50. Kf1 e2+ 51. Ke1 exd1=Q+ 52. Kxd1
Kg2 53. Rxg3+ Kxg3 54. Kc2 h3 55. Kc3 h2 56. Kb4 h1=Q 57. Kb5 Qb7+ 58. Ka4 Rb8
0-1

[Event "Quebec op"]
[Site "Chess.com"]
[Date "2020.07.25"]
[Round "1.12"]
[White "Couture, Jonathan"]
[Black "Li, Jake Chi Hang"]
[Result "1-0"]
[WhiteElo "1853"]
[BlackElo "1008"]
[PlyCount "49"]
[EventDate "2020.07.25"]
[EventType "swiss"]
[EventRounds "7"]
[EventCountry "CAN"]

1. e4 e6 2. b3 Nc6 3. Bb2 d5 4. Bb5 Nge7 5. Qe2 a6 6. Bxc6+ Nxc6 7. exd5 Nb4 8.
Na3 Nxd5 9. O-O-O Nf4 10. Qf3 Bxa3 11. Bxa3 Qg5 12. g3 Nd5 13. c4 Ne7 14. h4
Qe5 15. d4 Qa5 16. b4 Qa4 17. Ne2 Bd7 18. Kb2 e5 19. d5 b5 20. Nc3 Qxd1 21.
Rxd1 bxc4 22. Qe4 a5 23. Qxe5 axb4 24. Bxb4 c6 25. Qxe7# 1-0

[Event "Quebec op"]
[Site "Chess.com"]
[Date "2020.07.25"]
[Round "1.13"]
[White "Wu, Ting En Ryan"]
[Black "Wang, Rachel"]
[Result "0-1"]
[WhiteElo "980"]
[BlackElo "1837"]
[PlyCount "114"]
[EventDate "2020.07.25"]
[EventType "swiss"]
[EventRounds "7"]
[EventCountry "CAN"]

1. e4 c5 2. Nf3 Nc6 3. d4 cxd4 4. Nxd4 Nf6 5. Nc3 e5 6. Nf3 Bb4 7. Bd2 O-O 8.
Bd3 Re8 9. O-O Bxc3 10. Bxc3 d5 11. exd5 Nxd5 12. Qd2 Nxc3 13. Qxc3 e4 14. Bxe4
Rxe4 15. Rad1 Qb6 16. Rfe1 Rxe1+ 17. Rxe1 Be6 18. a3 h6 19. h3 Rd8 20. b3 Nd4
21. Ne5 Rc8 22. Qd3 Nxc2 23. Nd7 Nxe1 24. Nxb6 Nxd3 25. Nxc8 Bxc8 26. Kf1 Be6
27. b4 Nb2 28. Ke2 Bd7 29. f4 Nc4 30. Kd3 Nxa3 31. Kc3 Bb5 32. g4 Bf1 33. h4 f6
34. Kd4 Nc2+ 35. Kc3 Nxb4 36. Kxb4 g5 37. fxg5 fxg5 38. hxg5 hxg5 39. Kc3 Be2
40. Kd2 Bxg4 41. Ke3 a5 42. Kf2 a4 43. Kg3 a3 44. Kxg4 a2 45. Kxg5 a1=Q 46. Kg4
Qe5 47. Kf3 b5 48. Kf2 Qe4 49. Kf1 Qe3 50. Kg2 Qf4 51. Kg1 Qf3 52. Kh2 b4 53.
Kg1 b3 54. Kh2 b2 55. Kg1 b1=Q+ 56. Kh2 Qb2+ 57. Kg1 Qfg2# 0-1

[Event "Quebec op"]
[Site "Chess.com"]
[Date "2020.07.25"]
[Round "1.14"]
[White "Bilodeau-Savaria, Carl-William"]
[Black "Guillemette, Thomas"]
[Result "1-0"]
[WhiteElo "1766"]
[BlackElo "891"]
[PlyCount "57"]
[EventDate "2020.07.25"]
[EventType "swiss"]
[EventRounds "7"]
[EventCountry "CAN"]

1. d4 d5 2. c4 Nf6 3. cxd5 Nxd5 4. e4 Nb6 5. Nf3 e6 6. Be2 Nc6 7. O-O f5 8.
exf5 exf5 9. Re1 Be7 10. Nc3 a6 11. Bf4 g5 12. Be5 Rg8 13. Qb3 Rf8 14. Rad1 g4
15. Nd2 Nxd4 16. Bxd4 Qxd4 17. Nc4 Qc5 18. Nxb6 Qxb6 19. Qa4+ c6 20. Nd5 Qa7
21. Nc7+ Kf7 22. Bc4+ Kg6 23. Rxe7 b5 24. Qa3 bxc4 25. Rd6+ Rf6 26. Rxf6+ Kg5
27. Qd6 Rb8 28. Rg7+ Kh4 29. Rh6# 1-0

[Event "Quebec op"]
[Site "Chess.com"]
[Date "2020.07.25"]
[Round "1.15"]
[White "Bilodeau-Savaria, Karl"]
[Black "Dube, Daniel"]
[Result "0-1"]
[WhiteElo "759"]
[BlackElo "1737"]
[PlyCount "132"]
[EventDate "2020.07.25"]
[EventType "swiss"]
[EventRounds "7"]
[EventCountry "CAN"]

1. d4 Nf6 2. Nc3 d5 3. Nf3 Nc6 4. e3 a6 5. Be2 Bf5 6. O-O e6 7. h3 Bd6 8. Bd3
Bxd3 9. Qxd3 O-O 10. Re1 Nb4 11. Qe2 Ne4 12. Nxe4 dxe4 13. Ne5 Bxe5 14. dxe5
Nc6 15. f4 exf3 16. Qxf3 Qg5 17. Qf4 Qxe5 18. Qxe5 Nxe5 19. Bd2 Rfd8 20. Rad1
Nc6 21. Bc3 Rxd1 22. Rxd1 Rd8 23. Rxd8+ Nxd8 24. Ba5 b6 25. Bd2 e5 26. b3 Ne6
27. c4 f5 28. g4 f4 29. exf4 exf4 30. Kf2 g5 31. a4 Nc5 32. b4 Ne4+ 33. Ke2
Nxd2 34. Kxd2 Kf7 35. Kd3 Ke6 36. Ke4 h6 37. c5 bxc5 38. bxc5 c6 39. a5 f3 40.
Kxf3 Kd5 41. Ke3 Kxc5 42. Ke4 Kb4 43. Kf5 c5 44. Kg6 c4 45. Kxh6 c3 46. Kxg5 c2
47. h4 c1=Q+ 48. Kg6 Qf4 49. Kh5 Kxa5 50. g5 Qf5 51. Kh6 Qf8+ 52. Kh7 Qf7+ 53.
Kh6 Qg8 54. g6 Kb5 55. h5 Kc5 56. Kg5 Kd6 57. Kf6 Qf8+ 58. Kg5 Ke6 59. h6 Qf6+
60. Kh5 Qf5+ 61. Kh4 Qxg6 62. h7 Qxh7+ 63. Kg5 Qf5+ 64. Kh6 Qg4 65. Kh7 Kf6 66.
Kh8 Qg7# 0-1

[Event "Quebec op"]
[Site "Chess.com"]
[Date "2020.07.26"]
[Round "2.2"]
[White "Kozlov, Guennadi"]
[Black "Ouellet, Maili-Jade"]
[Result "0-1"]
[WhiteElo "1886"]
[BlackElo "2341"]
[PlyCount "100"]
[EventDate "2020.07.25"]
[EventType "swiss"]
[EventRounds "7"]
[EventCountry "CAN"]

1. e4 c5 2. Nf3 d6 3. d4 cxd4 4. c3 Nf6 5. Qxd4 Nc6 6. Qd3 g6 7. Be2 Bg7 8. O-O
O-O 9. h3 b6 10. Bf4 Nd7 11. Nbd2 Bb7 12. Rad1 Rc8 13. Rfe1 Qc7 14. Bg3 Qb8 15.
Nc4 Qa8 16. Bf1 b5 17. Ncd2 b4 18. Nb1 a5 19. a3 Rc7 20. Nd4 Nc5 21. Qe3 Nxd4
22. cxd4 Nxe4 23. Bf4 Rfc8 24. Nd2 Nf6 25. Nf3 Nd5 26. Qe4 Nc3 27. Qe3 Nxd1 28.
Rxd1 Bxf3 29. gxf3 bxa3 30. bxa3 Rc3 31. Rd3 Rxd3 32. Qxd3 Qd5 33. Be3 Qxf3 34.
Bg2 Qf5 35. Qb3 Qc2 36. Qb6 Qc3 37. a4 Qa1+ 38. Kh2 Qxa4 39. Bb7 Rf8 40. Bc6
Qb4 41. Qa7 e5 42. d5 f5 43. Bg5 e4 44. Qd7 Qe1 45. Kg2 f4 46. Qe6+ Kh8 47.
Qxd6 f3+ 48. Kg3 Qg1+ 49. Kh4 Qxf2+ 50. Kg4 h5# 0-1

[Event "Quebec op"]
[Site "Chess.com"]
[Date "2020.07.26"]
[Round "2.3"]
[White "Huang, Qiuyu"]
[Black "Leger, Manon"]
[Result "1-0"]
[WhiteElo "2203"]
[BlackElo "1894"]
[PlyCount "87"]
[EventDate "2020.07.25"]
[EventType "swiss"]
[EventRounds "7"]
[EventCountry "CAN"]

1. e4 e5 2. Nf3 Nf6 3. Nc3 Nc6 4. Bc4 Bb4 5. O-O d6 6. d3 Bxc3 7. bxc3 O-O 8.
Bg5 Qe7 9. a4 h6 10. Bh4 a5 11. h3 Nd8 12. Nh2 Ne6 13. Ng4 Ng5 14. Ne3 Be6 15.
Nd5 Nxd5 16. exd5 Bd7 17. Kh1 f6 18. Bb5 g6 19. Rb1 b6 20. Qd2 Kg7 21. f4 exf4
22. Rbe1 Qf7 23. Bxd7 Qxd7 24. Qxf4 Rae8 25. Rxe8 Qxe8 26. Re1 Qd7 27. Qc4 Rf7
28. Qc6 Qxc6 29. dxc6 Kf8 30. Kg1 Re7 31. Kf1 Rxe1+ 32. Kxe1 Ke7 33. Ke2 Ne6
34. d4 Nf4+ 35. Kf3 Nd5 36. Be1 Ke6 37. c4 Ne7 38. d5+ Kf7 39. Bf2 g5 40. g4
Ng6 41. Ke4 Nf4 42. Bxb6 Nxh3 43. Bxc7 Ke7 44. c5 1-0

[Event "Quebec op"]
[Site "Chess.com"]
[Date "2020.07.26"]
[Round "2.4"]
[White "Wang, Rachel"]
[Black "Allard, Laurent"]
[Result "0-1"]
[WhiteElo "1837"]
[BlackElo "2165"]
[PlyCount "84"]
[EventDate "2020.07.25"]
[EventType "swiss"]
[EventRounds "7"]
[EventCountry "CAN"]

1. d4 Nf6 2. c4 g6 3. Nc3 d5 4. cxd5 Nxd5 5. e4 Nxc3 6. bxc3 Bg7 7. Nf3 c5 8.
Be3 Qa5 9. Qd2 Nc6 10. Be2 Bg4 11. e5 cxd4 12. cxd4 Qxd2+ 13. Kxd2 Rd8 14. Kc3
f6 15. exf6 Bxf6 16. Rad1 O-O 17. h3 Be6 18. Bc4 Bd5 19. Rhe1 Na5 20. Bxd5+
Rxd5 21. h4 Rfd8 22. Bg5 Bxg5 23. hxg5 Nc6 24. Rb1 b6 25. Re4 Rc8 26. Kc4 Ra5
27. Kd3 Ra3+ 28. Rb3 Nb4+ 29. Kd2 Rxa2+ 30. Kd1 Ra1+ 31. Ke2 Nd5 32. Rh4 Rc2+
33. Kd3 Rxf2 34. Ke4 e6 35. Ke5 Re2+ 36. Kd6 Ne3 37. Ne5 Nf5+ 38. Kxe6 Nxh4 39.
Rc3 Rf1 40. Ke7 Nf5+ 41. Kd7 Nxd4 42. Rc8+ Rf8 0-1

[Event "Quebec op"]
[Site "Chess.com"]
[Date "2020.07.26"]
[Round "2.6"]
[White "Dube, Daniel"]
[Black "Adam, Rafael"]
[Result "0-1"]
[WhiteElo "1737"]
[BlackElo "2049"]
[PlyCount "104"]
[EventDate "2020.07.25"]
[EventType "swiss"]
[EventRounds "7"]
[EventCountry "CAN"]

1. d4 Nf6 2. c4 e6 3. Nf3 Bb4+ 4. Nbd2 b6 5. g3 Bb7 6. Bg2 O-O 7. O-O Bxd2 8.
Bxd2 d6 9. Bf4 Nbd7 10. Qc2 Qe7 11. h3 Rfd8 12. Rfe1 e5 13. dxe5 dxe5 14. Be3
c5 15. Nd2 Nf8 16. Bg5 Bxg2 17. Kxg2 Ne6 18. Bxf6 Qxf6 19. e3 Rd7 20. Rac1 Rad8
21. Re2 Ng5 22. Ne4 Qc6 23. f3 Nxf3 24. Kxf3 f5 25. Kg2 Rd3 26. Kh2 Qxe4 27.
Rce1 Rxe3 28. Qxe4 Rxe4 29. Rxe4 fxe4 30. Re2 e3 31. Kg2 Rd2 32. Kf3 Rxe2 33.
Kxe2 Kf7 34. Kxe3 Kf6 35. Ke4 Ke6 36. g4 Kf6 37. h4 h5 38. gxh5 Ke6 39. a3 a5
40. b3 Kf6 41. a4 Ke6 42. Ke3 Kf5 43. Kf3 e4+ 44. Ke3 Ke5 45. Ke2 Kf4 46. Kf2
e3+ 47. Ke2 Ke4 48. Ke1 Kd3 49. Kd1 e2+ 50. Ke1 Ke3 51. h6 gxh6 52. h5 Kf3 0-1

[Event "Quebec op"]
[Site "Chess.com"]
[Date "2020.07.26"]
[Round "2.7"]
[White "Turcotte, Jonathan"]
[Black "Bilodeau-Savaria, Carl-William"]
[Result "1-0"]
[WhiteElo "2033"]
[BlackElo "1766"]
[PlyCount "59"]
[EventDate "2020.07.25"]
[EventType "swiss"]
[EventRounds "7"]
[EventCountry "CAN"]

1. d4 d5 2. c4 e6 3. Nf3 Nf6 4. Nc3 c6 5. Bg5 h6 6. Bh4 Be7 7. e3 Nbd7 8. Rc1
O-O 9. Bd3 dxc4 10. Bxc4 b5 11. Bd3 a6 12. a4 Nb6 13. O-O Bb7 14. Qe2 b4 15.
Ne4 a5 16. Bxf6 Bxf6 17. Nc5 Qc7 18. Rc2 Rfc8 19. Rfc1 Nd5 20. g3 Ra7 21. Ne5
b3 22. Rd2 Nb4 23. f4 Bxe5 24. fxe5 Qb6 25. Bc4 Ba6 26. Rc3 Bxc4 27. Qxc4 Qd8
28. Rxb3 Qg5 29. Nxe6 Qf5 30. Nc5 1-0

[Event "Quebec op"]
[Site "Chess.com"]
[Date "2020.07.26"]
[Round "2.8"]
[White "Lynch, Jonathan"]
[Black "Neacsu, Catalin"]
[Result "0-1"]
[WhiteElo "1682"]
[BlackElo "1947"]
[PlyCount "90"]
[EventDate "2020.07.25"]
[EventType "swiss"]
[EventRounds "7"]
[EventCountry "CAN"]

1. d4 Nf6 2. Bf4 d6 3. e3 g6 4. Nd2 Bg7 5. Be2 c6 6. h4 h6 7. g4 Nh7 8. Nf1 Qb6
9. Qc1 e5 10. dxe5 dxe5 11. Bg3 e4 12. c3 Be6 13. Nd2 Nf6 14. Be5 Nbd7 15. Bd4
c5 16. Bxf6 Nxf6 17. Nh3 Qc6 18. a4 a6 19. Rg1 Nd7 20. f4 Bf6 21. h5 Bh4+ 22.
Kf1 c4 23. Qc2 Nf6 24. hxg6 fxg6 25. Nf2 Bd5 26. g5 hxg5 27. fxg5 Bxf2 28. Kxf2
Rh2+ 29. Rg2 Rxg2+ 30. Kxg2 Nd7 31. Rh1 O-O-O 32. Bg4 Kb8 33. Bxd7 Rxd7 34.
Rh8+ Ka7 35. Re8 Qc5 36. Nf1 Bc6 37. Qf2 Qxg5+ 38. Qg3 Qxg3+ 39. Kxg3 Rf7 40.
Nd2 Bxe8 41. Nxc4 Bxa4 42. Nd6 Rf3+ 43. Kg4 Rxe3 44. Kf4 Re2 45. Nxe4 Rxb2 0-1

[Event "Quebec op"]
[Site "Chess.com"]
[Date "2020.07.26"]
[Round "2.10"]
[White "He, Jiaqi"]
[Black "Potvin, Alain-Nicolas"]
[Result "1-0"]
[WhiteElo "1671"]
[BlackElo "1723"]
[PlyCount "95"]
[EventDate "2020.07.25"]
[EventType "swiss"]
[EventRounds "7"]
[EventCountry "CAN"]

1. e4 d6 2. d4 Nf6 3. Nc3 g6 4. Nf3 Bg7 5. Bc4 O-O 6. h3 Nxe4 7. Nxe4 d5 8. Bd3
dxe4 9. Bxe4 c5 10. c3 cxd4 11. Nxd4 e5 12. Nb5 Qxd1+ 13. Kxd1 Rd8+ 14. Ke2 Na6
15. Bg5 f6 16. Be3 f5 17. Bc2 b6 18. Bb3+ Kf8 19. Bg5 Bd7 20. Nd6 Bc6 21. Bxd8
Rxd8 22. Rad1 Bxg2 23. Nf7 Rxd1 24. Rxd1 Nc5 25. Ng5 h6 26. Ne6+ Nxe6 27. Bxe6
Bxh3 28. Rd8+ Ke7 29. Rd7+ Kxe6 30. Rxg7 Bg4+ 31. f3 Bh5 32. Kf2 g5 33. Rh7 Bg6
34. Rxh6 Kf6 35. Rh8 Bf7 36. Ra8 Bxa2 37. Rxa7 Bc4 38. Rb7 b5 39. Rb6+ Kf7 40.
Kg3 Be2 41. b3 Bd3 42. Rc6 e4 43. fxe4 Bxe4 44. Rc5 Bd3 45. Re5 Kf6 46. Rd5 f4+
47. Kf3 Bf1 48. Kf2 1-0

[Event "Quebec op"]
[Site "Chess.com"]
[Date "2020.07.26"]
[Round "2.12"]
[White "Zhao, Alex"]
[Black "Dufresne, Christophe"]
[Result "0-1"]
[WhiteElo "1124"]
[BlackElo "1586"]
[PlyCount "24"]
[EventDate "2020.07.25"]
[EventType "swiss"]
[EventRounds "7"]
[EventCountry "CAN"]

1. e4 d5 2. exd5 Nf6 3. d4 Bg4 4. Nf3 Qxd5 5. Be2 Nc6 6. c4 Qf5 7. d5 O-O-O 8.
Bd3 Qd7 9. dxc6 Qxd3 10. Qxd3 Rxd3 11. cxb7+ Kxb7 12. Ne5 Rd1# 0-1

[Event "Quebec op"]
[Site "Chess.com"]
[Date "2020.07.26"]
[Round "2.13"]
[White "He, Zekai"]
[Black "Chanot, Frederic"]
[Result "0-1"]
[WhiteElo "1575"]
[BlackElo "1079"]
[PlyCount "66"]
[EventDate "2020.07.25"]
[EventType "swiss"]
[EventRounds "7"]
[EventCountry "CAN"]

1. e4 e5 2. Nf3 Nc6 3. Bc4 d6 4. h3 g6 5. O-O Bg7 6. d3 h6 7. c3 Nf6 8. Be3 a6
9. b4 b5 10. Bb3 Bd7 11. Qd2 Qc8 12. Nh2 Ne7 13. f4 exf4 14. Bxf4 Nh5 15. Be3
Be6 16. Bxe6 Qxe6 17. Nf3 O-O 18. Bxh6 d5 19. Bxg7 Kxg7 20. exd5 Qxd5 21. d4
Ng3 22. Re1 Nef5 23. Qg5 Qc4 24. Ne5 Qd5 25. Nd2 Rh8 26. Ndf3 Rh5 27. Qd2 Rah8
28. Nd3 Rxh3 29. gxh3 Qxf3 30. Nf2 Nh4 31. Ng4 Qh1+ 32. Kf2 Qg2+ 33. Ke3 Qf3#
0-1

[Event "Quebec op"]
[Site "Chess.com"]
[Date "2020.07.26"]
[Round "2.14"]
[White "Li, Jake Chi Hang"]
[Black "Bilodeau-Savaria, Sandy-Rose"]
[Result "0-1"]
[WhiteElo "1008"]
[BlackElo "1501"]
[PlyCount "126"]
[EventDate "2020.07.25"]
[EventType "swiss"]
[EventRounds "7"]
[EventCountry "CAN"]

1. e4 c5 2. Nf3 d6 3. d4 cxd4 4. Nxd4 Nf6 5. Nc3 a6 6. Bc4 e6 7. O-O Be7 8. Nf3
b5 9. Bb3 b4 10. Ba4+ Bd7 11. Bxd7+ Nbxd7 12. Ne2 Nxe4 13. Qd4 Ndf6 14. Qxb4
O-O 15. Be3 Rb8 16. Qa3 d5 17. Qxa6 Rxb2 18. Qd3 Qc7 19. Rfc1 Rc8 20. c3 Qa5
21. a4 Rb3 22. Bd4 Ra3 23. Rxa3 Bxa3 24. Ra1 Bd6 25. Ne5 Bxe5 26. Bxe5 Nd7 27.
Bd4 e5 28. Be3 Nxc3 29. Nxc3 Qxc3 30. Rd1 Qxd3 31. Rxd3 d4 32. Bd2 Ra8 33. Ra3
f5 34. f4 e4 35. Kf1 Nb6 36. Ke2 Rxa4 37. Rxa4 Nxa4 38. h3 Kf7 39. g4 g6 40.
Be1 Nb2 41. Bf2 d3+ 42. Kd2 fxg4 43. hxg4 Nc4+ 44. Kd1 e3 45. Bg3 Nb2+ 46. Kc1
d2+ 47. Kxb2 d1=Q 48. Kc3 e2 49. f5 e1=Q+ 50. Bxe1 Qxe1+ 51. Kd4 gxf5 52. gxf5
Kf6 53. Kd5 Kxf5 54. Kd4 Qe5+ 55. Kc4 Ke4 56. Kb4 Kd4 57. Kb3 Qc5 58. Kb2 Qc3+
59. Kb1 h5 60. Ka2 h4 61. Kb1 Qd2 62. Ka1 Kc3 63. Kb1 Qb2# 0-1